000 00797nam a22002771 4500
001 6694
003 BD-RjUL
005 20211208234308.0
008 140112s1963 nyu b 000 0 eng d
035 _a(BD-RjUL)6735
040 _aDLC/ICU
_cICU
_dDLC
_d(BD-RjUL)
_beng
041 _aeng
082 0 0 _a519.1
_bGRP
100 1 _aGrenander, Ulf.
_921043
245 1 0 _aProbabilities on algebraic structures /
_cGrenander, Ulf
260 _aNew York :
_aLondon:
_bWiley ,
_c[1963]
300 _a217p. ;
_b21cm.
504 _aBibliography: p. [211]-216.
650 0 _aProbabilities.
_9243
650 0 _aAlgebraic topology.
_919449
650 0 _aFunctional analysis.
_921044
942 _2ddc
_cBK
999 _c6694
_d6694